000 01787cam a22005054i 4500
003 PE-LiUPU
005 20250731173104.0
008 100626s1951 nyu rb 001 0 eng d
020 _z0061300039
020 _z9780061300035
035 _a(Sirsi) a249286
040 _aOCLCE
_beng
_epn
_cOCLCE
_dOCLCQ
_dOCLCF
_dOCLCO
_dOCLCQ
040 _aPE-LiUPU
_bspa
_cPE-LiUPU
_erda
049 _aPRUA
082 0 4 _a261.5
_bL42
_221
100 1 _aNiebuhr, H. Richard
_q(Helmut Richard),
_d1894-1962,
_eautor.
245 1 0 _aChrist and culture /
_cH. Richard Niebuhr.
264 _aNew York :
_bHarper & Brothers,
_c1951.
300 _a259 páginas ;
_c21 Centímetros.
336 _atext
_2rdacontent
337 _aunmediated
_2rdamedia
338 _avolume
_2rdacarrier
490 1 _aHarper torchbooks. The cloister library ;
_vTB3
504 _aIncluye referencias bibliográficas.
504 _aÍndice257-259.
505 0 _aThe enduring problem -- Christ against culture -- The Christ of culture -- Christ above culture -- Christ and culture in paradox -- Christ the transformer of culture -- A "concluding unscientific postscript."
526 _aSEG42
526 _aSEG41
526 _aSEG40
526 _aSEG39
526 _aP94
526 _aP87
526 _aP86
526 _aP85
526 _aP77
526 _aP76
526 _aP35
650 0 _aCristo y Cultura.
910 _adbm
_bncf
_cncf
_d20180816
942 _2ddc
_cBOOK
994 _aC0
_bPEPRU
596 _a1
999 _a261.5 L42
_wDEWEY
_c28865
_i79302
_d28865
_f2021-11-10
_g4
_lCCODEBUL1
_mBUL
_p30.00
_q1
_r0
_sY
_tBOOK
_u2018-7-20
_xTEOLOGIA
_PP35
_0DONACION
_o.STAFF. Colección Teología
980 _81
_gALBERTO SANCHEZ Responsable de Automatización